[Event "Sao Bento do Sul op 10"]
[Site "Sao Bento do Sul"]
[Date "2018.10.20"]
[Round "3"]
[White "De Oliveira, Guilherme Alfredo B"]
[Black "Pereira, Geanfrancesco"]
[Result "1/2-1/2"]
[WhiteElo "1929"]
[BlackElo "2040"]
[PlyCount "177"]
[EventDate "2018.10.19"]
[EventType "swiss"]
[EventRounds "7"]
[EventCountry "BRA"]
[SourceTitle "EXT 2021"]
[Source "ChessBase"]
[SourceDate "2020.10.23"]
[SourceVersion "1"]
[SourceVersionDate "2020.10.23"]
[SourceQuality "1"]

1. d4 Nf6 2. c4 c5 3. Nf3 g6 4. Nc3 cxd4 5. Nxd4 Bg7 6. e4 Nc6 7. Be3 0-0 8. Be2 Qa5 9. 0-0 e6 10. a3 d5 11. Nb3 Qc7 12. cxd5 exd5 13. exd5 Rd8 14. Bf3 Ne5 15. Rc1 Nfg4 16. Bf4 Qc4 17. Ne4 Qa4 18. Nbc5 Qxd1 19. Bxd1 b6 20. f3 bxc5 21. fxg4 Ba6 22. Bg5 Nd3 23. Rc2 Bd4+ 24. Kh1 Nxb2 25. Be2 Nd3 26. Rd2 c4 27. Bxd3 cxd3 28. Bf6 Rxd5 29. Rfd1 Re8 30. Bxd4 Rxd4 31. Nf6+ Kf8 32. Nxe8 Kxe8 33. h3 Ra4 34. Rxd3 Bxd3 35. Rxd3 Ke7 36. Kg1 Kf6 37. Kf2 Ke5 38. Ke3 f5 39. gxf5 gxf5 40. g3 h5 41. Kf3 h4 42. gxh4 Rxh4 43. Kg3 Ra4 44. Kf3 Kf6 45. Re3 Kg5 46. Rb3 a5 47. Kg3 Rc4 48. Rd3 a4 49. Kf3 Rc1 50. Kg3 Rg1+ 51. Kf2 Rb1 52. h4+ Kg4 53. Rd4+ f4 54. Rxa4 Rb2+ 55. Ke1 Kf3 56. Rc4 Ra2 57. a4 Ke3 58. Rc3+ Kd4 59. Rf3 Ke4 60. Rc3 Rxa4 61. Rc2 Kf3 62. Rc3+ Kg4 63. Rc2 Kxh4 64. Kf2 Kg4 65. Kg2 Ra3 66. Rb2 Rh3 67. Rb4 Rg3+ 68. Kf2 Rf3+ 69. Kg2 Re3 70. Rb2 Rg3+ 71. Kf2 Rh3 72. Rb4 Rh2+ 73. Kg1 Ra2 74. Rb8 Kg3 75. Rg8+ Kf3 76. Rb8 Ra1+ 77. Kh2 Re1 78. Rb3+ Kf2 79. Rb2+ Re2 80. Rb3 f3 81. Rb1 Re1 82. Rb2+ Re2 83. Rb1 Ke3+ 84. Kg1 f2+ 85. Kf1 Kf3 86. Rb3+ Re3 87. Rb1 Re1+ 88. Rxe1 fxe1Q+ 89. Kxe1 1/2-1/2

[Event "Sao Bento do Sul op 10"]
[Site "Sao Bento do Sul"]
[Date "2018.10.19"]
[Round "1"]
[White "Pereira, Aline Vitoria"]
[Black "De Oliveira, Guilherme Alfredo B"]
[Result "0-1"]
[WhiteElo "1240"]
[BlackElo "1929"]
[PlyCount "92"]
[EventDate "2018.10.19"]
[EventType "swiss"]
[EventRounds "7"]
[EventCountry "BRA"]
[SourceTitle "EXT 2021"]
[Source "ChessBase"]
[SourceDate "2020.10.23"]
[SourceVersion "1"]
[SourceVersionDate "2020.10.23"]
[SourceQuality "1"]

1. d4 Nf6 2. c4 b6 3. Nc3 Bb7 4. Bf4 e6 5. a3 h6 6. h4 Be7 7. e3 d5 8. Nf3 0-0 9. Bd3 c5 10. 0-0 Nc6 11. Re1 Rc8 12. Bc2 dxc4 13. Ne5 cxd4 14. Nxc6 Bxc6 15. exd4 Bd6 16. Be3 e5 17. d5 Bd7 18. Ba4 Bf5 19. f3 a6 20. Rc1 b5 21. Bc2 Bxc2 22. Rxc2 Nh5 23. g4 Nf4 24. Bxf4 exf4 25. Rce2 Bc5+ 26. Kh1 Qxh4+ 27. Rh2 Qf6 28. Ne4 Qd4 29. Nxc5 Qxd1 30. Rxd1 Rxc5 31. d6 Rd8 32. d7 Kf8 33. Re2 a5 34. Re4 g5 35. Red4 b4 36. axb4 axb4 37. Rd6 Ke7 38. Rxh6 Rxd7 39. Rc1 Rd2 40. Rb1 c3 41. bxc3 bxc3 42. Rh2 c2 43. Rc1 Rd1+ 44. Rxd1 cxd1Q+ 45. Kg2 Rc2+ 46. Kh3 Qxf3# 0-1

[Event "Sao Bento do Sul op 08"]
[Site "Sao Bento do Sul"]
[Date "2018.08.26"]
[Round "6"]
[White "De Oliveira, Gustavo Alfredo Bue"]
[Black "De Oliveira, Guilherme Alfredo B"]
[Result "1/2-1/2"]
[WhiteElo "2030"]
[BlackElo "1879"]
[PlyCount "35"]
[EventDate "2018.08.24"]
[EventType "swiss"]
[EventRounds "6"]
[EventCountry "BRA"]
[SourceTitle "EXT 2021"]
[Source "ChessBase"]
[SourceDate "2020.10.23"]
[SourceVersion "1"]
[SourceVersionDate "2020.10.23"]
[SourceQuality "1"]

1. d4 f5 2. g3 e6 3. Bg2 Nf6 4. Nf3 d5 5. c4 c6 6. 0-0 Nbd7 7. b3 Bd6 8. Ba3 Bxa3 9. Nxa3 Qe7 10. Nc2 dxc4 11. bxc4 e5 12. e3 0-0 13. Rb1 e4 14. Nd2 Nb6 15. Qe2 Rf7 16. Nb4 Be6 17. Rfc1 Nbd7 18. c5 1/2-1/2

[Event "Sao Bento do Sul op 08"]
[Site "Sao Bento do Sul"]
[Date "2018.08.25"]
[Round "2"]
[White "Carneiro, Paulo Irajara Borba"]
[Black "De Oliveira, Guilherme Alfredo B"]
[Result "0-1"]
[WhiteElo "1589"]
[BlackElo "1879"]
[PlyCount "51"]
[EventDate "2018.08.24"]
[EventType "swiss"]
[EventRounds "6"]
[EventCountry "BRA"]
[SourceTitle "EXT 2021"]
[Source "ChessBase"]
[SourceDate "2020.10.23"]
[SourceVersion "1"]
[SourceVersionDate "2020.10.23"]
[SourceQuality "1"]

1. e4 c5 2. Nf3 e6 3. d4 cxd4 4. Nxd4 Nc6 5. Nc3 Qc7 6. Ndb5 Qb8 7. Be3 a6 8. Nd4 Nf6 9. a3 b5 10. Nxc6 dxc6 11. Be2 c5 12. 0-0 Be7 13. f3 0-0 14. Qe1 Bb7 15. Qf2 Qc7 16. Rad1 b4 17. Na4 bxa3 18. bxa3 Rac8 19. Rb1 Nd7 20. c4 Rb8 21. Qe1 Bf6 22. Qd2 Rfd8 23. Qc2 Qa5 24. Bd2 Bxe4 25. Kh1 Qc7 26. Bc3 0-1

[Event "Sao Bento do Sul op 06"]
[Site "Sao Bento do Sul"]
[Date "2018.06.16"]
[Round "3"]
[White "De Oliveira, Guilherme Alfredo B"]
[Black "Furmam, Fernando Gustavo"]
[Result "1-0"]
[WhiteElo "1810"]
[BlackElo "1915"]
[PlyCount "89"]
[EventDate "2018.06.15"]
[EventType "swiss"]
[EventRounds "6"]
[EventCountry "BRA"]
[SourceTitle "EXT 2021"]
[Source "ChessBase"]
[SourceDate "2020.10.23"]
[SourceVersion "1"]
[SourceVersionDate "2020.10.23"]
[SourceQuality "1"]

1. e4 c5 2. Nf3 e6 3. d4 cxd4 4. Nxd4 Nc6 5. Nc3 a6 6. Nxc6 bxc6 7. Bd3 Nf6 8. e5 Nd5 9. Nxd5 cxd5 10. 0-0 d6 11. Bf4 g6 12. c3 Bg7 13. exd6 e5 14. Bxe5 Bxe5 15. Qe2 Qxd6 16. f4 f6 17. fxe5 fxe5 18. Rae1 Be6 19. Qxe5 Qxe5 20. Rxe5 Kd7 21. Rfe1 Rhe8 22. Bc2 Kd6 23. Ba4 Re7 24. Bc6 Raa7 25. R5e3 a5 26. Ba4 Rab7 27. R1e2 Rb6 28. Rd2 Rf7 29. Bb3 Rf4 30. c4 d4 31. c5+ Kxc5 32. Rxe6 Rxe6 33. Bxe6 Re4 34. Bb3 Kb4 35. Bc2 Rf4 36. g3 Rg4 37. Bd1 Re4 38. Bf3 Re3 39. Rxd4+ Kc5 40. Rf4 Re1+ 41. Kg2 Rb1 42. a4 Rxb2+ 43. Kh3 g5 44. Rf5+ Kb6 45. Rxg5 1-0